| 000 | 00836nam a22002057a 4500 | ||
|---|---|---|---|
| 999 |
_c16614 _d16614 |
||
| 003 | AR-CdUCM | ||
| 008 | 190504b ||||| |||| 00| 0 spa d | ||
| 040 |
_aMUNICIPALIDAD PROVINCIAL DEL CUSCO _cBIBLIOTECA MUNICIPAL DEL CUSCO |
||
| 041 | _heng | ||
| 082 |
_a375.49 / _bT52 |
||
| 100 |
_aTickton , Sidney G. _936164 |
||
| 245 | _aLa educación en la era tecnológica / | ||
| 260 |
_aMéxico : _bBowker, _c1974. |
||
| 300 |
_a385 páginas ; _c24 cm. |
||
| 505 | _aContenido: Tecnología, filosofía y educación -- Un uso limitado -- Objeciones a la tecnología educacional -- Deshumanización, mecanización -- Estudiantes subhumanos ... | ||
| 650 |
_aTecnología educativa _936165 |
||
| 710 |
_aCentro regional de ayuda técnica, Agencia para el desarrollo internacional _916969 |
||
| 942 |
_2ddc _cLIBROS |
||
| 945 |
_aacv _d2019-05-04 |
||